Animals Scramble #2 - Statistics

General Stats
  • This quiz has been taken 60 times
  • The average score is 13 of 16
Answer Stats
Hint Answer % Correct
tba bat
100%
kwah hawk
100%
hsoer horse
96%
omuse mouse
96%
neniugp penguin
90%
dpiers spider
90%
eltnaeph elephant
88%
razild lizard
88%
psehe sheep
88%
nicchke chicken
87%
urawls walrus
77%
sinbo bison
67%
galee eagle
67%
terot otter
67%
cocoran raccoon
67%
taenprh panther
50%
No matching quizzes found
Score Distribution
Percent of People with Each Score
Percentile by Number Answered
Your Score History
You have not taken this quiz